000 00329nam a22001457a 4500
008 230418b ||||| |||| 00| 0 eng d
020 _a9781598572322
041 _aeng
080 _2FIFTH EDITION
_a37
082 _a37WEH
100 _a24
101 _aEDU
245 _aLIFE BEYOND THE CLASSROOM
_cWEHMAN P
942 _2udc
_cBK
999 _c59589
_d59589